Statistics for 21st Century U.S. Politicians

Click here to take the quiz!

General Stats

  • This quiz has been taken 429 times
    (374 since last reset)
  • The average score is 20 of 30

Answer Stats

YearPartyDescriptionU.S. Politician% Correct
2017-RPOTUS 45Donald Trump
100%
2001-2009RPOTUS 43George W. Bush
100%
1993-2001DPOTUS 42Bill Clinton
99%
2009-2017DPOTUS 44Barack Obama
99%
2009-2017DVice president of ^Joe Biden
97%
2017-RVice president of ^Mike Pence
95%
1993-2001DHe won a nobel prize but lost an election, was vice presidentAl Gore
88%
2003-2011RForeign-born governor of CaliforniaArnold Schwarzenegger
86%
2001-2009RVice president of ^Dick Cheney
85%
1987-2018RArizona senator, 2008 presidential nomineeJohn McCain
85%
2007-ISocialist Senator from Vermont, 2016 candidateBernie Sanders
84%
2003-2007RGovernor of Massachusetts, lost the 2012 electionMitt Romney
82%
2006-2009RGovernor of Alaska, Hockey MomSarah Palin
81%
1994-2001RNYC mayor during the 9/11 attacksRudy Giuliani
76%
2005-2009RAfrican-American Secretary of StateCondoleezza Rice
73%
2015-RCurrent Senate Majority LeaderMitch McConnell
72%
2013-2017DFormer Secretary of State who lost the 2004 electionJohn Kerry
70%
2015-RCurrent Speaker of the HousePaul Ryan
61%
2017-DCurrent Senate Minority LeaderChuck Schumer
59%
2010-2018RGovernor of New JerseyChris Christie
59%
2014-D109th and current mayor of New York CityBill de Blasio
56%
2018-RCurrent Secretary of StateMike Pompeo
51%
1997-2001DFirst woman who became U.S. Secretary of StateMadeleine Albright
42%
2017-RCounselor to the President who introduced the "alternative facts"Kellyanne Conway
38%
2017RWhite House Communications Director who was in office for ten daysAnthony Scaramucci
37%
2011-DGovernor of CaliforniaJerry Brown
36%
2015-RGovernor of TexasGreg Abbott
34%
2016ISatirical candidate who got 9% of the NC votes for the 2016 electionDeez Nuts
13%
2001-2006DOnly Democrat in the Bush administration,
also the first Asian-American in a cabinet
Norman Mineta
4%
1997-2017?Honorary Feline Mayor of Talkeetna, AlaskaStubbs
2%

Score Distribution

Percentile by Number Answered

Percent of People with Each Score

Your Score History

You have not taken this quiz since the last reset